Reprezentacje ze Złotą Piłką - Statystyki

Ogólne statystyki
  • Ten quiz został rozwiązany 150 razy
  • Średni wynik to 15 z 20
Statystyki odpowiedzi
Ilość wygranych ostatnio w roku Państwo % Poprawnych
8 2023 Argentyna
100%
5 2007 Brazylia
99%
7 2017 Portugalia
99%
7 2022 Francja
98%
4 2024 Hiszpania
96%
5 2006 Włochy
92%
5 2001 Anglia
90%
7 1996 Niemcy
90%
1 2018 Chorwacja
83%
1 1962 Czechosłowacja
73%
7 1992 Holandia
72%
3 1986 Związek Sowiecki
71%
1 2004 Ukraina
70%
1 2003 Czechy
64%
1 1995 Liberia
52%
1 1977 Dania
51%
1 1994 Bułgaria
49%
1 1967 Węgry
48%
1 1964 Szkocja
41%
1 1968 Irlandia połnocna
32%
Nie znaleziono quizów pasujących do podanych kryteriów
Rozkład punktacji
Procent ludzi z każdym wynikiem
Percentyl według liczby udzielonych odpowiedzi
Twoja historia wyników
Nie rozwiązałeś tego quizu